| 000 | 02134nam a22004817c 4500 | ||
|---|---|---|---|
| 001 | 59728 | ||
| 003 | CO-BoRNBP | ||
| 005 | 20251030160145.0 | ||
| 007 | ta | ||
| 008 | 241114s2023 ck ao|||r|||| 000 0dspa d | ||
| 020 | _a9789585912151 | ||
| 040 |
_aCO-BoRNBP _bspa _erda _cCO-BoRNBP |
||
| 041 | 0 | _aspa | |
| 082 | 0 | 4 |
_223 _a791.43 _bF14c |
| 100 |
_aFalla Zerrate, Alexandra _eaut _966450 |
||
| 245 | 1 | 0 |
_aColección de cine experimental colombiano (1954-1984) / _ctextos, Alexandra Falla Zerrate... [y otros doce]. |
| 250 | _a1a. edición | ||
| 264 | 1 |
_aBogotá, Colombia : _bFundación Patrimonio Fílmico Colombiano, _c2023 |
|
| 300 |
_a133 páginas : _bilustraciones, fotografías a color y en blanco y negro + _e4 DVD |
||
| 336 |
_2rdacontent _atexto _btxt |
||
| 337 |
_2rdamedia _asin mediación _bn |
||
| 338 |
_2rdacarrier _avolumen _bnc |
||
| 500 | _aIncluye datos curriculares de los autores | ||
| 505 | 0 |
_gDisco 1 _tLa langosta azul _tChichigua _tRapsodia en Bogotá-Rapshody in blue, - Rapshody in Bogotá |
|
| 505 | 0 |
_gDisco 2 _tFaustino _tEncuentros cotidianos y quehaceres casi diarios _tMaría |
|
| 505 | 0 |
_gDisco 3 _tLas ventanas de Salcedo _tPasión y muerte de Margarita Gautier _tAzilef _tA mal tiempo buena cara o la ópera del mondongo _tAgarrando pueblo |
|
| 505 | 0 |
_gDisco 4 _tMagola _tHilo caracol y punto sobre un plano _tBalada del mar no visto |
|
| 650 | 0 | 7 |
_aCine experimental _2lemb _966451 |
| 650 | 0 | 7 |
_aPelículas cinematográficas _xHistoria y crítica _zColombia _2LEMB _966452 |
| 700 |
_aGalindo Cardona, Yamid _eaut _966453 |
||
| 700 |
_aGarcía Moreno, Diego _eaut _966454 |
||
| 700 |
_aGil Zubiría, Julio Cesar _eaut _966455 |
||
| 700 |
_aGuerrero Hernández, Juan Carlos _eaut _966456 |
||
| 700 |
_aHernández, Eduardo _eaut _966457 |
||
| 700 |
_aRestrepo, Marta Helena _eaut _966458 |
||
| 700 |
_aRodríguez, Haroldo _eaut _966459 |
||
| 700 |
_aRussi, Armando _eaut _966460 |
||
| 700 |
_aSabbagh Fajardo, Alfredo _eaut _966461 |
||
| 700 |
_aSánchez Méndez, Carlos _eaut _966462 |
||
| 700 |
_aTorres Moya, Rito Alberto _eaut _966463 |
||
| 700 |
_aVélez, Marta Lucía _eaut _966464 |
||
| 942 |
_2loc _cBK _n0 |
||
| 999 |
_c59728 _d59728 |
||